LEADER 01078nam a2200277 a 4500 001 000000124197 003 CaOOAMICUS 005 20110203155539.0 008 110203s2010 it u000 u ita r 020 $a978-88-8272-582-2 040 $aPUL$bita 082 04$a174.2 245 00$aBioetica del dolore /$ca cura di Giorgio Giovanelli. 260 $aSiena :$bCantagalli,$cİ2010. 300 $a99 p. ;$c21 cm. 500 $aIn testa al front.: "Diocesi di Fano-Fossombrone-Cagli-Pergola". 650 4$aBioetica.$0(OLS)http://pul/subject/2868 700 1 $aGiovanelli, Giorgio,$d1971-$0(OLS)http://pul/name/68657 850 $aPUL 852 $aPUL$W1$xSL Filosofia 3$y81$m174. 2 GIOGI 1$j143001$qDDC 21$q $B142019$CPULBib$Z2$F142019 $H115688 $81 941 1 $a9 996 $6020$a978-88-8272-582-2$9(OLS)http://pul/number/146263 996 $6082$a174.2$9(OLS)http://pul/classification/490 996 $6245$aBioetica del dolore$9(OLS)http://pul/title/156561 996 $6260$aSiena :$bCantagalli$9(OLS)http://pul/publisher/48759 LEADER 01322nam a2200289 u 4500 001 000000078457 003 CaOOAMICUS 005 20070226123430.0 008 040428s2004 enk u000 u eng u 020 $a0631231870 035 $a10992406 040 $aIPA$bita 245 04$aThe first Christian theologians :$ban introduction to theology in the early church /$cedited by G.R. Evans. 260 $aOxford :$bBlackwell,$c2004. 300 $axvi, 277 p. ;$c25 cm 490 1 $aThe great theologians 500 $aIncludes bibliographical references and index. 650 0$aTheology$xHistory$yEarly church, ca. 30-600.$2//eng$0(OLS)http://pul/subject/8973 650 0$aFathers of the church.$2//eng$0(OLS)http://pul/subject/2349 700 1 $aEvans, G. R.$q(Gillian Rosemary).$0(OLS)http://pul/name/1112 830 4$aThe great theologians.$0(OLS)http://pul/title/102783 850 $aPUL 852 $aPUL$W1$xSL Religione 3$y85$m230. 11 EVAGI 1$j100622$nBK-PRI$qDDC 21$B100622$CPULBib$Z2$F100622 $HPUL96999 $82 941 1 $a9 996 $6020$a0631231870$9(OLS)http://pul/number/102834 996 $6245$aThe first Christian theologians :$ban introduction to theology in the early church$9(OLS)http://pul/title/102782 996 $6260$aOxford :$bBlackwell$9(OLS)http://pul/publisher/48259